000
00218nam a2200097Ia 4500
008
190216s9999||||xx |||||||||||||| ||und||
100
_a
Khanna. Ml
245
0
_a
Determinals
260
_b
Jaiprakashnath&Co:
942
_c
BK
999
_c
32589
_d
32589